[Event "Pan American Intercollegiate-chT"]
[Site "Charlotte"]
[Date "2025.01.05"]
[Round "6.28"]
[White "Zhu, Neo"]
[Black "Dhanush, Bharadwaj"]
[Result "1/2-1/2"]
[WhiteElo "2052"]
[BlackElo "2238"]
[PlyCount "83"]
[EventDate "2025.01.02"]
[EventType "team-swiss"]
[EventRounds "6"]
[EventCountry "USA"]
[SourceTitle "CB02_2025"]
[SourceDate "2025.01.08"]
[SourceVersion "1"]
[SourceVersionDate "2025.01.08"]
[SourceQuality "1"]
[WhiteTeam "North Carolina Univv"]
[BlackTeam "Maryland BC Univ"]
[WhiteTeamCountry "USA"]
[BlackTeamCountry "USA"]

1. e4 c6 2. d4 d5 3. e5 Bf5 4. h4 h5 5. Bd3 Bxd3 6. Qxd3 e6 7. Bg5 Qa5+ 8. Nd2 Qa6 9. c4 Bb4 10. b3 Ne7 11. Ngf3 Nf5 12. 0-0 Nd7 13. Qc2 0-0 14. a4 Qa5 15. Rfc1 Nb6 16. Nf1 dxc4 17. bxc4 c5 18. d5 Nd4 19. Qe4 exd5 20. cxd5 Nxf3+ 21. Qxf3 c4 22. Ne3 Rfe8 23. e6 fxe6 24. Qxh5 Nxd5 25. Nxc4 Qc7 26. Bd2 Bxd2 27. Nxd2 Qf4 28. Qg5 Qxg5 29. hxg5 Rec8 30. Ne4 b6 31. g3 Kf8 32. f4 Ke7 33. Kf2 Rh8 34. Kf3 Rac8 35. Nf2 a5 36. Ng4 Kd6 37. Ne5 Rxc1 38. Rxc1 Rh2 39. Rc6+ Ke7 40. Ng6+ Kd7 41. Ne5+ Ke7 42. Ng6+ 1/2-1/2

[Event "Eastern op 46th"]
[Site "Tysons"]
[Date "2019.12.30"]
[Round "6"]
[White "Semenov, Valeri"]
[Black "Zhu, Neo"]
[Result "1-0"]
[WhiteElo "2197"]
[BlackElo "2001"]
[PlyCount "103"]
[EventDate "2019.12.27"]
[EventType "swiss"]
[EventRounds "7"]
[EventCountry "USA"]
[SourceTitle "CBM 194 Extra"]
[Source "ChessBase"]
[SourceDate "2020.03.31"]
[SourceVersion "1"]
[SourceVersionDate "2020.03.31"]
[SourceQuality "1"]

1. e4 c5 2. Nf3 Nc6 3. d4 cxd4 4. Nxd4 e6 5. Nc3 Qc7 6. g3 a6 7. Bg2 Nf6 8. 0-0 Nxd4 9. Qxd4 Bc5 10. Bf4 d6 11. Qd2 e5 12. Bg5 Bb4 13. Bxf6 Bxc3 14. Qg5 gxf6 15. Qxf6 Rg8 16. bxc3 Be6 17. f4 Qxc3 18. f5 Qc5+ 19. Kh1 Bc4 20. Rfd1 Rd8 21. Rd2 Qc7 22. Rad1 Qe7 23. Qh6 f6 24. a4 Rg5 25. Bf3 Rd7 26. Kg2 b5 27. axb5 Bxb5 28. h4 Rg7 29. Qe3 Qd8 30. Qb3 Kf8 31. c4 Bc6 32. Qa3 Ke7 33. Qxa6 Qg8 34. Qxc6 Rxg3+ 35. Kf2 Rh3 36. Bg2 Qg3+ 37. Kf1 Rxh4 38. Rf2 Rf4 39. Qb6 Rg4 40. c5 Qc3 41. c6 Qc4+ 42. Kg1 Qa4 43. Rb1 Ra7 44. Qxa7+ Qxa7 45. Rb7+ Qxb7 46. cxb7 Rg8 47. Rb2 Rb8 48. Bf1 Kd7 49. Bc4 h5 50. Bd5 h4 51. Ra2 h3 52. Kh2 1-0

[Event "North American-ch U20"]
[Site "Charlotte"]
[Date "2019.06.27"]
[Round "4"]
[White "Zhu, Neo"]
[Black "Baker, Vincent J"]
[Result "0-1"]
[WhiteElo "2044"]
[BlackElo "2278"]
[PlyCount "80"]
[EventDate "2019.06.26"]
[EventType "swiss"]
[EventRounds "9"]
[EventCountry "USA"]
[SourceTitle "CBM 191 Extra"]
[Source "ChessBase"]
[SourceDate "2019.09.30"]
[SourceVersion "1"]
[SourceVersionDate "2019.09.30"]
[SourceQuality "1"]

1. e4 c5 2. c3 d5 3. exd5 Qxd5 4. d4 Nc6 5. Nf3 Bf5 6. Be2 e6 7. 0-0 Nf6 8. Na3 Rc8 9. Nc4 cxd4 10. cxd4 Be4 11. b3 Be7 12. Bb2 0-0 13. Ne3 Qa5 14. Nc4 Qc7 15. Rc1 Rfd8 16. Nce5 Qb8 17. Nxc6 Rxc6 18. Rxc6 bxc6 19. Qc1 Bd6 20. h3 Bf4 21. Qe1 Qc7 22. Nd2 c5 23. Bc4 Bb7 24. d5 exd5 25. Bxf6 gxf6 26. Bd3 c4 27. Bc2 c3 28. Nb1 d4 29. Qe2 Qc6 30. f3 Ba6 31. Qe7 Re8 32. Bxh7+ Kg7 33. Qxa7 Be3+ 34. Kh1 d3 35. Be4 Rxe4 36. Qb8 Bf4 37. Qd8 Qe8 38. fxe4 Qxd8 39. Rxf4 c2 40. Rg4+ Kf8 0-1

[Event "Dulles Cherry Blossom op"]
[Site "Dulles"]
[Date "2018.05.28"]
[Round "6"]
[White "Nestorovic, Nikola"]
[Black "Zhu, Neo"]
[Result "1-0"]
[WhiteElo "2498"]
[BlackElo "1900"]
[PlyCount "83"]
[EventDate "2018.05.25"]
[EventType "swiss"]
[EventRounds "7"]
[EventCountry "USA"]
[SourceTitle "CBM 184 Extra"]
[Source "ChessBase"]
[SourceDate "2018.06.28"]
[SourceVersion "1"]
[SourceVersionDate "2018.06.28"]
[SourceQuality "1"]

1. e4 c5 2. Nf3 e6 3. d4 cxd4 4. Nxd4 Nc6 5. Nc3 Qc7 6. Be3 a6 7. a3 b5 8. Nxc6 dxc6 9. Qg4 Nf6 10. Qg3 e5 11. Be2 h5 12. f3 h4 13. Qf2 Be6 14. a4 b4 15. Nb1 c5 16. Nd2 c4 17. b3 cxb3 18. cxb3 Bxb3 19. 0-0 Be6 20. Rfc1 Qb7 21. Nc4 Bxc4 22. Rxc4 Nd7 23. Rac1 Bd6 24. Rc6 Ke7 25. Qf1 b3 26. Bxa6 Qb4 27. Bb5 b2 28. Rd1 b1Q 29. Rxb1 Qa3 30. Qc1 h3 31. Qxa3 Bxa3 32. Rb3 Rhb8 33. Rc7 Ke8 34. Rd3 Rxb5 35. axb5 Nf6 36. b6 Bb4 37. b7 Ra1+ 38. Rc1 Rxc1+ 39. Bxc1 Bc5+ 40. Be3 Bxe3+ 41. Rxe3 Nd7 42. Rc3 1-0

[Event "Dulles Cherry Blossom op"]
[Site "Dulles"]
[Date "2018.05.27"]
[Round "5"]
[White "Zhu, Neo"]
[Black "Foisor, Sabina Francesca"]
[Result "1/2-1/2"]
[WhiteElo "1900"]
[BlackElo "2305"]
[PlyCount "184"]
[EventDate "2018.05.25"]
[EventType "swiss"]
[EventRounds "7"]
[EventCountry "USA"]
[SourceTitle "CBM 184 Extra"]
[Source "ChessBase"]
[SourceDate "2018.06.28"]
[SourceVersion "1"]
[SourceVersionDate "2018.06.28"]
[SourceQuality "1"]

1. e4 e5 2. Nf3 Nc6 3. Bb5 a6 4. Ba4 Nf6 5. 0-0 Be7 6. Re1 b5 7. Bb3 d6 8. c3 0-0 9. h3 Nb8 10. a4 Bb7 11. Bc2 Nbd7 12. d4 Re8 13. Nbd2 Bf8 14. Bd3 c6 15. Nf1 g6 16. Ng3 Bg7 17. Bg5 Qc7 18. Rc1 h6 19. Be3 d5 20. dxe5 Nxe4 21. Nxe4 dxe4 22. Bxe4 Nxe5 23. Nxe5 Qxe5 24. Bd4 Qg5 25. Bxg7 Kxg7 26. Qf3 Re6 27. Re3 Rae8 28. Rce1 bxa4 29. Bc2 Rf6 30. Qxf6+ Kxf6 31. Rxe8 c5 32. Be4 Bxe4 33. R8xe4 Qd2 34. R4e2 Qd5 35. Ra1 c4 36. Rae1 h5 37. Re4 Qd2 38. R4e2 Qg5 39. Re4 Qb5 40. R1e2 a3 41. bxa3 Qb3 42. R2e3 g5 43. Rd4 Qxa3 44. Rxc4 a5 45. Rf3+ Kg7 46. Rf5 Kg6 47. Rb5 f6 48. g3 Qa2 49. Rc6 Qe2 50. Rbb6 Qf3 51. Ra6 a4 52. Rcb6 h4 53. gxh4 gxh4 54. Re6 Kg5 55. Ra5+ f5 56. Ree5 Kf6 57. Rec5 Qf4 58. Rc6+ Kg5 59. Rca6 Qf3 60. Rxa4 Qxh3 61. Re6 Qxc3 62. Re3 Qc1+ 63. Kh2 Qc2 64. Raa3 Qxf2+ 65. Kh1 Kg4 66. Reb3 f4 67. Rc3 Qe1+ 68. Kh2 Qd2+ 69. Kh1 Qd6 70. Rd3 Qh6 71. Kh2 Qh8 72. Rab3 Qe8 73. Ra3 Kf5 74. Rdb3 Qe2+ 75. Kh1 Qc4 76. Rc3 Qf1+ 77. Kh2 Qf2+ 78. Kh1 Qe1+ 79. Kh2 Qd2+ 80. Kh1 Ke4 81. Rc4+ Kd5 82. Rcc3 Kd4 83. Rcb3 Kc4 84. Rf3 Kb4 85. Rad3 Qc1+ 86. Kh2 Kc4 87. Ra3 Qd2+ 88. Kh1 Kd4 89. Rxf4+ Qxf4 90. Ra4+ Ke3 91. Rxf4 Kxf4 92. Kh2 Ke5 1/2-1/2

[Event "Eastern op 44th"]
[Site "Tysons"]
[Date "2017.12.29"]
[Round "5"]
[White "Zhu, Neo"]
[Black "Beckman, Thomas J"]
[Result "0-1"]
[WhiteElo "1923"]
[BlackElo "1943"]
[PlyCount "86"]
[EventDate "2017.12.27"]
[EventType "swiss"]
[EventRounds "7"]
[EventCountry "USA"]
[SourceTitle "CBM 182 Extra"]
[Source "ChessBase"]
[SourceDate "2018.02.23"]
[SourceVersion "1"]
[SourceVersionDate "2018.02.23"]
[SourceQuality "1"]

1. e4 c5 2. c3 Nf6 3. e5 Nd5 4. d4 cxd4 5. Nf3 Nc6 6. cxd4 d6 7. Bc4 Nb6 8. Bb5 Bd7 9. Nc3 dxe5 10. dxe5 Qc7 11. 0-0 Rd8 12. Qe2 a6 13. Bxc6 Bxc6 14. e6 f6 15. Nh4 g6 16. Qg4 Nd5 17. Nxd5 Rxd5 18. Bf4 Qa5 19. Rfd1 Rg8 20. Rxd5 Qxd5 21. Rd1 Qxa2 22. Bc7 Bd5 23. Qf3 Bxe6 24. Qxb7 Kf7 25. Re1 Bh6 26. Nf3 Bd5 27. Qb4 Re8 28. Nd4 e5 29. Nf3 Bf8 30. Qh4 Kg7 31. h3 Qxb2 32. Rd1 Qb3 33. Rc1 Ba3 34. Re1 Bxf3 35. gxf3 Qc3 36. Re3 Qxc7 37. Qa4 Qc1+ 38. Kg2 Rb8 39. Rxa3 Rb1 40. Qd7+ Kh6 41. f4 exf4 42. Kf3 Qxa3+ 43. Kxf4 Rb4+ 0-1